UBT Library

Perdorimi i gjuhes se urrejtjes ne mediate nderkombtare dhe tek mediat e reja ne Kosove (Record no. 52456)

000 -LEADER
fixed length control field 00331nam a22001217a 4500
008 - FIXED-LENGTH DATA ELEMENTS--GENERAL INFORMATION
fixed length control field 181123b xxu||||| |||| 00| 0 eng d
041 ## - LANGUAGE CODE
Language code of text/sound track or separate title eng
080 ## - UNIVERSAL DECIMAL CLASSIFICATION NUMBER
Universal Decimal Classification number 043.3
100 ## - Rafti
Rafti 0
101 ## - Shkurtesa
Shkurtesa BTH-MK
245 ## - TITLE STATEMENT
Title Perdorimi i gjuhes se urrejtjes ne mediate nderkombtare dhe tek mediat e reja ne Kosove
Statement of responsibility, etc Bilalli, L
942 ## - ADDED ENTRY ELEMENTS (KOHA)
Source of classification or shelving scheme
Item type Books
Holdings
Withdrawn status Lost status Source of classification or shelving scheme Damaged status Not for loan Collection code Permanent location Current location Shelving location Date acquired Total Checkouts Full call number Barcode Date last seen Price effective from Koha item type
          Koleksioni i përgjithshem UBT - Lipjan UBT - Lipjan Koleksioni i përgjithshem 11/23/2018   043.3 Bilalli, L 2018 MK 002-3019759 11/23/2018 11/23/2018 Books
UBT Library © 2015-2024. All rights reserved University Education for Business and Technology